| 000 | 00562nam a2200205Ia 4500 | ||
|---|---|---|---|
| 003 | GCL | ||
| 008 | 140319s9999 xx 000 0 eng d | ||
| 040 |
_aGCL / _cGCL |
||
| 082 | 0 | 4 |
_a370.71 _bM I |
| 100 | 1 | _aMC CULLOCH, MYRA | |
| 245 | 1 | 0 |
_aIMPROVING INITIAL TEACHES TRAINING? NEW ROLES FOR TEACHERS SCHOOLS AND HE / _cMC CULLOCH, MYRA |
| 700 | 1 | _aBRIAN, FIDLEA | |
| 260 |
_a[S.N] : _bLONGMAN ، _c1994 |
||
| 300 | _a192 P | ||
| 650 | 0 | 4 | _aSCHOOLS |
| 650 | 0 | 4 | _aTEACHERS |
| 650 | 0 | 4 | _aTEACHER TRAINING |
| 650 | 0 | 4 | _aTEACHING - PLANNING |
| 942 |
_2ddc _cBK |
||
| 999 |
_c25003 _d25003 |
||